|
|
|
|
| LEADER |
00784nam a2200217 a 4500 |
| 001 |
8143460 |
| 008 |
090712s1945 nyu b 001 0 eng d |
| 010 |
|
|
|a unk82102261
|
| 020 |
|
|
|a 9780140186192
|
| 020 |
|
|
|a 0140186190
|
| 040 |
|
|
|a DLC
|c CarP
|d DLC
|
| 082 |
0 |
0 |
|a 820
|2 14
|
| 100 |
1 |
|
|a Woolf, Virginia,
|d 1882-1941.
|
| 245 |
0 |
2 |
|a A room of one's own/
|c Virginia,Woolf.
|
| 260 |
|
|
|a N.Y.;
|a London:
|b Penguin Books,
|c 1945
|
| 300 |
|
|
|a 112 p. ;
|c 20 cm.
|
| 541 |
1 |
|
|e 00010068
|
| 650 |
|
0 |
|a English Literature.
|
| 852 |
4 |
|
|a Ayesha Abed Library
|j General Shelf.
|
| 999 |
|
|
|c 2393
|d 2393
|
| 952 |
|
|
|0 0
|1 0
|2 ddc
|4 0
|6 820_WOO_194500000000000
|7 0
|9 2213
|a BRACUL
|b BRACUL
|c GEN
|d 2009-07-14
|g 0.00
|l 24
|m 119
|o 820 WOO
|p 3010010068
|r 2026-02-17
|s 2026-02-02
|t 1
|w 2009-07-14
|y BK
|x No price found in the accession register.
|